[Event "2nd Vergani Cup 2018"]
[Site "Villorba ITA"]
[Date "2018.01.02"]
[Round "1.1"]
[White "Rapport, Richard"]
[Black "Sadhwani, Raunak"]
[Result "1-0"]
[WhiteTitle "GM"]
[BlackTitle "FM"]
[WhiteElo "2700"]
[BlackElo "2321"]
[WhiteFideId "738590"]
[BlackFideId "35093487"]
[Annotator "Basso, Pier Luigi"]
[EventDate "2018.01.02"]

1. d4 Nf6 2. Nf3 e6 3. Bf4 d5 4. e3 Bd6 5. Bd3 c5 $6 {Already a bit inaccurate}
(5... Bxf4 6. exf4 Qd6 7. Qd2 b6 {is considered critical:} 8. Nc3 O-O 9. O-O
Ba6 10. Ne5 c5 11. Bxa6 Nxa6 12. Rfe1 Rac8 $11 {1/2-1/2 (24) Nabaty,T (2610)
-Nisipeanu,L (2668) Ortisei ITA 2016}) 6. dxc5 $1 Bxf4 (6... Bxc5 7. O-O O-O 8.
c4 $14 {A known variation of QGD with tempo up for White}) 7. exf4 Qc7 8. g3
Qxc5 9. O-O O-O 10. Nbd2 b6 11. Nb3 Qc7 12. Re1 {Rapport is playing in the
spirit of the position, in which he is simply better} g6 13. Nbd4 Nc6 14. c3
Nxd4 15. Nxd4 Bb7 16. a4 a6 17. h4 $5 {as soon as the Nf6 will leave his
position, White is ready to play h4-h5} Rfe8 18. Qf3 Kg7 19. Kg2 e5 20. fxe5
Rxe5 21. Qf4 Rae8 22. Nf5+ $1 Kg8 $2 (22... gxf5 $1 23. Qg5+ Kf8 24. Qxf6 d4+
25. Kh3 R8e6 26. Qh8+ Ke7 27. Rxe5 Qxe5 28. Qxe5 Rxe5 29. cxd4 Rd5 30. Rc1 $14
{With a superior endgame, but in which Black has some chances to hold}) 23.
Rxe5 Qxe5 24. Nd6 Qxf4 25. gxf4 Re7 26. Nxb7 Rxb7 27. Bxa6 $16 Ra7 28. Bb5 Rc7
29. Kf3 h5 30. Rd1 Kf8 31. f5 gxf5 32. Kf4 Rc5 33. Rd4 Ne4 34. f3 Nd6 35. Bd3
Ke7 36. Bxf5 Kf6 37. Bd3 b5 38. axb5 Nxb5 39. Bxb5 Rxb5 40. Rb4 Ra5 41. Rb6+
Kg7 42. Ke5 f6+ 43. Ke6 Ra4 44. b4 Ra3 45. Rc6 d4 46. cxd4 1-0

[Event "2nd Vergani Cup 2018"]
[Site "Villorba ITA"]
[Date "2018.01.02"]
[Round "1.2"]
[White "Rahul, Srivatshav P"]
[Black "Jobava, Baadur"]
[Result "0-1"]
[BlackTitle "GM"]
[WhiteElo "2317"]
[BlackElo "2690"]
[WhiteFideId "25059653"]
[BlackFideId "13601520"]
[Annotator "Basso, Pier Luigi"]
[EventDate "2018.01.02"]

1. d4 d5 2. c4 c6 3. Nc3 dxc4 4. e3 Be6 {To beat a young under rated player,
Baadur is chosing a risky opening, according to his style} 5. Nf3 b5 6. Ng5 ({
The main test of Black's variation is} 6. a4 b4 7. Ne4 Nf6 8. Ned2 $1 c3 9.
bxc3 bxc3 10. Nb1 Qa5 11. Qc2 $14 {And it is not easy to see how to solve
Black's problems}) 6... Bd7 7. a4 Nf6 8. Be2 h6 $6 {as Baadur said after the
game "it is just helping White to improve his Ng5"} (8... e6 $1 9. axb5 cxb5
10. Bh5 g6 {a safer road} (10... Nxh5 11. Qxh5 Qe7 $1 {the position is very
complex. The computer shows one of possible critical lines, that ends with a
perpetual check} 12. Nxh7 Bc6 13. Nf6+ Qxf6 14. Qxh8 Bxg2 15. Nxb5 Bxh1 16.
Nd6+ Ke7 17. Nc8+ Ke8 $11) 11. Bf3 Bc6 12. Bxc6+ Nxc6 13. Nxb5 Bb4+ 14. Nc3 Nd5
15. Nge4 f5 16. Nd2 Nxc3 17. bxc3 Bxc3 18. Ra4 Qd5 19. O-O Bb4 $13 {with a
very complex position}) 9. Nf3 e6 10. Ne5 a6 11. O-O (11. Bh5 $1 {would have
given Black some serious problems to solve:} Nxh5 12. Qxh5 Qf6 (12... Qe7 $2
13. Ne4 $1 $18) 13. f4 Be7 14. Qf3 Ra7 $1 15. O-O O-O 16. e4 $36 {White has a
very big initiative for the pawn}) 11... Bb4 12. Bf3 Ra7 $1 13. Bd2 Qe7 14. Qc2
O-O 15. b3 cxb3 16. Qxb3 bxa4 $1 {A very practical decision from Baadur} 17.
Qa2 (17. Nxa4 $1 Bxd2 (17... c5 18. Bxb4 cxb4 19. Nc5 a5 20. Ra2 $11 {hite is
in time to solve all the problems}) 18. Qb6 Be8 19. Qxb8 Bb4 $13 {With a very
complicated position}) 17... c5 $1 {now the only question is if White will be
able to take back the pawn.} 18. Nxa4 cxd4 19. exd4 Bxa4 20. Bxb4 Qxb4 21. Qxa4
Qxa4 22. Rxa4 Rd8 23. Rb1 {Accordin to engine, White is able to save the
position. But in a practical game it is very difficult} Nfd7 24. Nd3 Rc7 25. h3
(25. d5 $1 {the most precise way} exd5 26. Bxd5 Nf6 27. Bc4 $11) 25... Rc3 26.
Be2 g5 27. Kf1 Kg7 28. Ke1 Nf6 $17 {after few moves Black has taken control of
all the position, and White chances to draw are very low} 29. Rb7 Nc6 30. Nc5
Rc1+ 31. Bd1 Kg8 $1 32. Nb3 Rb1 33. Rc7 Ne5 34. Kd2 Nd5 35. Rc5 Nd3 36. Kxd3
Rxd1+ 37. Ke2 Rb1 38. Ra3 Rb8 39. Nd2 Nf4+ 40. Kf3 R1b2 41. g3 Nxh3 42. Ne4 f5
0-1

[Event "2nd Vergani Cup 2018"]
[Site "Villorba ITA"]
[Date "2018.01.02"]
[Round "1.3"]
[White "Berkes, Ferenc"]
[Black "Bove, Alessandro"]
[Result "1-0"]
[WhiteTitle "GM"]
[BlackTitle "FM"]
[WhiteElo "2662"]
[BlackElo "2310"]
[WhiteFideId "718572"]
[BlackFideId "814121"]
[Annotator "Basso, Pier Luigi"]
[EventDate "2018.01.02"]

1. Nf3 d5 2. g3 e6 3. Bg2 b5 $6 {this is considered the best in the postion
with d4-Nf6 included. With the pawn on d2 it is very dubious, becouse now
White will have a lot of ideas connected with d3-e4 or d3-c4} 4. O-O c5 5. d3 (
5. e4 $1 {White has already a good advantage:} dxe4 6. Ng5 Bb7 7. Nxe4 Qd7 8.
Nbc3 Be7 9. Qg4 Kf8 10. Qf3 Bc6 (10... f5 $2 11. Nxc5 $18) 11. Qe3 Na6 12. Qe2
$14) 5... Bb7 6. c4 a6 7. cxd5 Bxd5 8. Nc3 Bb7 (8... Bc6 {was probably a bit
better}) 9. a4 b4 10. Ne4 Nd7 11. Bg5 (11. Nfd2 $1 Be7 12. Nc4 {[%cal Gc1f4]
would have been much stronger}) 11... Ngf6 12. Rc1 Be7 13. Bxf6 gxf6 14. Nfd2
Kf8 15. Nb3 (15. Nxf6 $16) 15... f5 16. Nexc5 Nxc5 17. Nxc5 Bxg2 18. Kxg2 h5
19. d4 Qd5+ 20. f3 h4 21. e4 $16 Qd6 22. e5 Qd8 23. d5 hxg3 24. hxg3 Bh4 25.
Rh1 Rg8 26. Rh3 Bg5 27. dxe6 Bxc1 28. Qxc1 Qd5 29. Rh7 Rc8 30. Qh6+ 1-0

[Event "2nd Vergani Cup 2018"]
[Site "Villorba ITA"]
[Date "2018.01.02"]
[Round "1.4"]
[White "Sapale, Saloni"]
[Black "Korobov, Anton"]
[Result "0-1"]
[WhiteTitle "WCM"]
[BlackTitle "GM"]
[WhiteElo "2308"]
[BlackElo "2652"]
[WhiteFideId "5085527"]
[BlackFideId "14105730"]
[Annotator "Basso, Pier Luigi"]
[EventDate "2018.01.02"]

1. e4 e6 2. d4 d5 3. Nc3 Nf6 4. e5 Nfd7 5. f4 c5 6. Nf3 Be7 7. Be3 O-O 8. Qd2
Nc6 9. dxc5 Nxc5 10. O-O-O a6 11. Kb1 (11. Qf2 b6 $1 {is the main line, and it
was very often defended with Black side by 2 very young chess Grand Masters
Bluebaum and Moroni}) 11... b5 12. Nd4 $6 (12. Qf2 {was still a try} Na4 13.
Nxa4 bxa4 $13 {with a tricky position}) 12... Nxd4 13. Bxd4 b4 14. Ne2 a5 {
Black is already much better. This is a classical example on how is important
nowadays to be updated on opening theory} 15. Ng3 Qc7 16. f5 $2 exf5 17. Bxc5
Bxc5 18. Bd3 Qxe5 $17 19. Rhe1 Qf6 20. Nxf5 Bxf5 21. Rf1 g6 22. g4 a4 23. gxf5
g5 24. h4 gxh4 25. Rf4 a3 26. c4 bxc3 27. Qxc3 Qxc3 28. bxc3 Rab8+ 29. Ka1 Bd6
30. Rg4+ Kh8 31. Bc2 Rb2 32. Bb3 Be5 33. Rd3 Rc8 0-1

[Event "2nd Vergani Cup 2018"]
[Site "Villorba ITA"]
[Date "2018.01.02"]
[Round "1.5"]
[White "Kveinys, Aloyzas"]
[Black "Rapport, Jovana"]
[Result "1-0"]
[WhiteTitle "GM"]
[BlackTitle "WGM"]
[WhiteElo "2547"]
[BlackElo "2305"]
[WhiteFideId "12800040"]
[BlackFideId "937266"]
[EventDate "2018.01.02"]

1. c4 f5 2. Nf3 Nf6 3. g3 e6 4. Bg2 d5 5. O-O Be7 6. d3 O-O 7. Nc3 d4 8. Nb5 c5
9. e3 a6 10. Na3 Nc6 11. exd4 cxd4 12. Re1 Re8 13. Bf4 Ng4 14. h3 e5 15. Bd2
Bxa3 16. hxg4 Bxb2 17. Rb1 Bc3 18. gxf5 Bxf5 19. Ng5 Bxd2 20. Bd5+ Kf8 21. Rxb7
Re7 22. Qh5 g6 23. Qh6+ Ke8 24. Bxc6+ 1-0

[Event "2nd Vergani Cup 2018"]
[Site "Villorba ITA"]
[Date "2018.01.02"]
[Round "1.6"]
[White "Bifulco, Michel"]
[Black "Stella, Andrea"]
[Result "0-1"]
[WhiteTitle "FM"]
[BlackTitle "GM"]
[WhiteElo "2302"]
[BlackElo "2511"]
[WhiteFideId "828580"]
[BlackFideId "827061"]
[EventDate "2018.01.02"]

1. d4 Nf6 2. Nc3 e6 3. e4 d5 4. Bg5 Be7 5. e5 Nfd7 6. h4 h6 7. Bxe7 Qxe7 8. g4
a6 9. f4 c5 10. Nf3 Nc6 11. Qd2 b5 12. O-O-O Nb6 13. Kb1 b4 14. Ne2 c4 15. Nc1
Na4 16. Qe3 Rb8 17. Ka1 Qc7 18. f5 Qa5 19. Nb3 cxb3 20. cxb3 Nc3 21. bxc3 bxc3 0-1

[Event "2nd Vergani Cup 2018"]
[Site "Villorba ITA"]
[Date "2018.01.02"]
[Round "1.7"]
[White "Iniyan, P"]
[Black "Tanriverdi, Enes"]
[Result "1/2-1/2"]
[WhiteTitle "IM"]
[BlackTitle "FM"]
[WhiteElo "2466"]
[BlackElo "2259"]
[WhiteFideId "25002767"]
[BlackFideId "34543279"]
[EventDate "2018.01.02"]

1. d4 Nf6 2. c4 g6 3. Nc3 Bg7 4. e4 d6 5. Nf3 O-O 6. Be2 e5 7. O-O Nc6 8. d5 Ne7
9. b4 a5 10. bxa5 Rxa5 11. a4 c5 12. Bd2 Ra6 13. Ra3 Nd7 14. g3 h6 15. Nh4 f5
16. exf5 gxf5 17. f3 Nf6 18. Qc1 f4 19. Bd3 Qd7 20. gxf4 Qh3 21. Ng2 Nh5 22. Ne4
exf4 23. Nf2 Qd7 24. Nxf4 Nxf4 25. Bxf4 Nf5 26. Kh1 Qe7 27. Ng4 Qh4 28. Rg1 Kh8
29. Bxf5 Bxf5 30. Bxh6 Bxh6 31. Nxh6 Bd7 32. Qb2+ Qf6 33. Rg8+ Kh7 34. Qxb7 Kxh6
35. Rg1 Rf7 36. Qxa6 Rg7 37. Rxg7 Kxg7 38. Ra2 Qc3 39. Rg2+ 1/2-1/2

[Event "2nd Vergani Cup 2018"]
[Site "Villorba ITA"]
[Date "2018.01.02"]
[Round "1.8"]
[White "Orfini, Nicolo'"]
[Black "Raja, Harshit"]
[Result "0-1"]
[BlackTitle "IM"]
[WhiteElo "2254"]
[BlackElo "2427"]
[WhiteFideId "2805028"]
[BlackFideId "5089000"]
[EventDate "2018.01.02"]

1. e4 e5 2. Nc3 Nf6 3. g3 d5 4. exd5 Nxd5 5. Nge2 Nc6 6. Bg2 Be6 7. O-O Qd7 8.
d4 Nxc3 9. bxc3 Bc4 10. Re1 O-O-O 11. Be3 Bc5 12. d5 Bxe3 13. fxe3 Bxd5 14. Qxd5
Qxd5 15. Bxd5 Rxd5 16. Red1 Rhd8 17. Rxd5 Rxd5 18. Kf2 Rd2 19. Rc1 Na5 20. Ke1
Nc4 21. e4 h5 22. a4 c5 23. h4 Kc7 24. Rb1 Rxc2 25. Rd1 Ra2 26. Rd3 Rxa4 0-1

[Event "2nd Vergani Cup 2018"]
[Site "Villorba ITA"]
[Date "2018.01.02"]
[Round "1.9"]
[White "Getz, Nicolai"]
[Black "Barp, Alberto"]
[Result "0-1"]
[WhiteTitle "IM"]
[BlackTitle "FM"]
[WhiteElo "2423"]
[BlackElo "2252"]
[WhiteFideId "1505572"]
[BlackFideId "872555"]
[EventDate "2018.01.02"]

1. e4 e5 2. Nf3 Nc6 3. Bc4 Bc5 4. O-O Nf6 5. d3 d6 6. c3 a6 7. Bb3 Ba7 8. Nbd2
O-O 9. h3 Ne7 10. Re1 Ng6 11. Nf1 Be6 12. Bc2 h6 13. d4 exd4 14. Nxd4 Bd7 15.
Ng3 Re8 16. Bb3 b5 17. Ndf5 Be6 18. Bd2 Ne5 19. Be3 Nc4 20. Bxa7 Rxa7 21. Nd4
Rb7 22. Qc1 Nd7 23. Bc2 Qg5 24. b3 Nce5 25. Qe3 Ng6 26. Nxe6 fxe6 27. Qxg5 hxg5
28. b4 a5 29. Ne2 Nge5 30. Red1 Kf7 31. g3 a4 32. f4 gxf4 33. gxf4 Nc4 34. Rd3
Nf6 35. Ng3 e5 36. Rf1 Rbb8 37. f5 Rh8 38. Kg2 Rh4 39. Rh1 Nxe4 40. Nxe4 Rxe4
41. Bd1 Ne3+ 42. Kf3 Nxd1 43. Rhxd1 Rf4+ 44. Ke3 Rxf5 45. Ke4 Rf4+ 46. Kd5 Rc4
47. Rg1 c6+ 0-1

[Event "2nd Vergani Cup 2018"]
[Site "Villorba ITA"]
[Date "2018.01.02"]
[Round "1.10"]
[White "Loiacono, Leonardo"]
[Black "Mesaros, Florian"]
[Result "0-1"]
[BlackTitle "IM"]
[WhiteElo "2243"]
[BlackElo "2406"]
[WhiteFideId "895423"]
[BlackFideId "1629220"]
[EventDate "2018.01.02"]

1. d4 d5 2. c4 e6 3. Nc3 Bb4 4. Nf3 Nf6 5. cxd5 exd5 6. Bg5 h6 7. Bh4 Nbd7 8. e3
g5 9. Bg3 Ne4 10. Nd2 Nxg3 11. hxg3 c6 12. Bd3 Nf6 13. Qc2 Kf8 14. a3 Be7 15.
O-O-O Kg7 16. Kb1 Be6 17. Na4 Rc8 18. Nc5 b6 19. Nxe6+ fxe6 20. Qa4 c5 21. dxc5
bxc5 22. Be2 Qb6 23. Qa6 Rb8 24. Qxb6 Rxb6 25. Ka2 Rhb8 26. Rb1 c4 27. Rhc1 Nd7
28. e4 Bf6 29. Rc2 Nc5 30. exd5 exd5 31. Bxc4 dxc4 32. Nxc4 Re6 33. Rd1 Kg8 34.
g4 Re4 35. Ne3 Na4 36. Rdd2 Re6 37. Nd5 Bxb2 38. Rc4 Re1 39. Rb4 Ra1+ 40. Kb3
Rxa3+ 0-1

[Event "2nd Vergani Cup 2018"]
[Site "Villorba ITA"]
[Date "2018.01.02"]
[Round "1.11"]
[White "Baenziger, Fabian"]
[Black "Landi, Alberto"]
[Result "1/2-1/2"]
[WhiteTitle "FM"]
[BlackTitle "FM"]
[WhiteElo "2403"]
[BlackElo "2237"]
[WhiteFideId "1330110"]
[BlackFideId "894486"]
[EventDate "2018.01.02"]

1. c4 e6 2. g3 d5 3. Nf3 Nf6 4. Bg2 dxc4 5. Qa4+ Bd7 6. Qxc4 c5 7. Ne5 Qc8 8.
Qd3 Be7 9. Nxd7 Nbxd7 10. O-O O-O 11. b3 Ne5 12. Qb5 Nd5 13. Bb2 a6 14. Qa4 Bf6
15. Nc3 Nb4 16. Rac1 Nec6 17. Kh1 Qd7 18. d3 Rac8 19. Qa3 Nd4 20. Ne4 Be7 21.
Bxd4 cxd4 1/2-1/2

[Event "2nd Vergani Cup 2018"]
[Site "Villorba ITA"]
[Date "2018.01.02"]
[Round "1.12"]
[White "Bettalli, Francesco"]
[Black "Martins, David Pires Tavares"]
[Result "0-1"]
[BlackTitle "IM"]
[WhiteElo "2231"]
[BlackElo "2392"]
[WhiteFideId "2816453"]
[BlackFideId "1909991"]
[EventDate "2018.01.02"]

1. e4 e6 2. d4 d5 3. Nc3 Bb4 4. Ne2 dxe4 5. a3 Bxc3+ 6. Nxc3 Nc6 7. Bb5 Ne7 8.
Nxe4 O-O 9. c3 e5 10. Bxc6 bxc6 11. O-O exd4 12. cxd4 Nf5 13. Be3 Qe7 14. Qd3
Ba6 15. Qxa6 Qxe4 16. Rfe1 Rae8 17. Qc4 Re6 18. Rad1 Rg6 19. Qf1 Nh4 20. Bg5
Nf3+ 21. Kh1 Nxe1 22. Rxe1 Qxd4 23. Bc1 Rd8 0-1

[Event "2nd Vergani Cup 2018"]
[Site "Villorba ITA"]
[Date "2018.01.02"]
[Round "1.13"]
[White "Can, Isik"]
[Black "Omeri, Silvan"]
[Result "1-0"]
[WhiteTitle "FM"]
[WhiteElo "2389"]
[BlackElo "2221"]
[WhiteFideId "6383742"]
[BlackFideId "825557"]
[EventDate "2018.01.02"]

1. e4 c5 2. Nf3 d6 3. d4 cxd4 4. Nxd4 Nf6 5. Nc3 a6 6. Bg5 e6 7. f4 Nbd7 8. Qf3
Qc7 9. O-O-O b5 10. Bd3 Bb7 11. Rhe1 Qb6 12. Nd5 exd5 13. Nc6 Nc5 14. exd5+ Kd7
15. Bxf6 Bxc6 16. dxc6+ Qxc6 17. Qh5 Kc7 18. Bxg7 Bxg7 19. Qxf7+ Kb6 20. Qxg7
Rad8 21. Qd4 a5 22. a3 Ka6 23. Kb1 Qxg2 24. a4 Nxd3 25. axb5+ Kxb5 26. Rxd3 Qc6
27. Rb3+ Ka6 28. Re7 1-0

[Event "2nd Vergani Cup 2018"]
[Site "Villorba ITA"]
[Date "2018.01.02"]
[Round "1.14"]
[White "Loiacono, Antonio"]
[Black "Sukandar, Irine Kharisma"]
[Result "0-1"]
[BlackTitle "IM"]
[WhiteElo "2217"]
[BlackElo "2387"]
[WhiteFideId "895415"]
[BlackFideId "7101937"]
[EventDate "2018.01.02"]

1. e4 e5 2. Nf3 Nf6 3. Nc3 Nc6 4. Bb5 Bd6 5. O-O O-O 6. d3 h6 7. Ne2 a6 8. Ba4
Re8 9. c3 Bf8 10. Ng3 b5 11. Bc2 d5 12. h3 Be6 13. Re1 dxe4 14. dxe4 g6 15. Be3
Qxd1 16. Bxd1 Rab8 17. Be2 Nd7 18. Nh2 a5 19. Red1 h5 20. Nf3 Nc5 21. b3 f6 22.
Rd2 Bf7 23. Rad1 Ne6 24. Bf1 b4 25. cxb4 Bxb4 26. Rc2 Ncd4 27. Bxd4 exd4 28. Bc4
c5 29. Ne2 Nf8 30. Bd3 Nd7 31. Nf4 Nb6 32. Nd2 a4 33. Bb5 axb3 34. Nxb3 Rxe4 35.
Nd3 c4 36. Nxb4 cxb3 37. axb3 Bxb3 38. Bd3 Bxc2 39. Nxc2 Re5 40. Nxd4 Rc8 41.
Rb1 Rd5 42. Rxb6 Rxd4 43. Bxg6 Rc1+ 44. Kh2 h4 45. Bh5 Kg7 46. Rb2 Kh6 47. Bf3
Rf4 48. Ra2 Rf1 49. Re2 Kg5 50. Rd2 f5 51. Ra2 Rc1 52. Rb2 Ra4 53. Re2 Kf4 54.
Rb2 Re1 55. Bc6 Rc4 56. Bb7 Kg5 57. Bf3 Rc3 58. Ra2 Rf1 59. Bb7 f4 60. Ra5+ Kf6
61. Be4 Rcc1 0-1

[Event "2nd Vergani Cup 2018"]
[Site "Villorba ITA"]
[Date "2018.01.02"]
[Round "1.15"]
[White "Juhasz, Armin"]
[Black "Belli, Giorgio"]
[Result "1-0"]
[WhiteTitle "IM"]
[BlackTitle "FM"]
[WhiteElo "2372"]
[BlackElo "2211"]
[WhiteFideId "724270"]
[BlackFideId "2808833"]
[EventDate "2018.01.02"]

1. Nf3 Nf6 2. c4 e6 3. g3 Be7 4. Bg2 O-O 5. d4 d5 6. Qc2 c5 7. O-O cxd4 8. Nxd4
e5 9. Nf5 d4 10. Nxe7+ Qxe7 11. Bg5 Nbd7 12. Nd2 h6 13. Bxf6 Nxf6 14. Rac1 Be6
15. a3 a5 16. Rfe1 Qc7 17. b4 axb4 18. axb4 Ra3 19. Nb1 Ra1 20. Nd2 Ra3 21. Nb1
Ra1 22. c5 Rfa8 23. b5 Nd5 24. b6 Qd7 25. Qe4 f6 26. Red1 Rb8 27. e3 Rxb1 28.
Qxb1 dxe3 29. fxe3 Qf7 30. Qe4 Ne7 31. Rd6 Nf5 32. Rd2 Ne7 33. Rcd1 Nc6 34. Qa4
Bb3 35. Qxb3 Qxb3 36. Bd5+ Qxd5 37. Rxd5 1-0

[Event "2nd Vergani Cup 2018"]
[Site "Villorba ITA"]
[Date "2018.01.02"]
[Round "1.16"]
[White "Dobboletta, Alex"]
[Black "Hilverda, Alexander"]
[Result "0-1"]
[WhiteElo "2155"]
[BlackElo "2370"]
[WhiteFideId "865397"]
[BlackFideId "4695437"]
[EventDate "2018.01.02"]

1. Nf3 f5 2. c4 Nf6 3. g3 d6 4. d4 g6 5. Bg2 Bg7 6. O-O O-O 7. Nc3 c6 8. Rb1 a5
9. Qc2 Qc7 10. Rd1 e5 11. dxe5 dxe5 12. a3 Qe7 13. b4 axb4 14. axb4 e4 15. Nd4
Rd8 16. c5 Ng4 17. Nb3 Rxd1+ 18. Nxd1 Be6 19. Ne3 Ne5 20. Bb2 Nbd7 21. Na5 Nxc5
22. Bc3 Na6 23. Qb2 Bc8 24. b5 cxb5 25. Qxb5 Nc7 26. Qb3+ Qe6 27. Qxe6+ Nxe6 28.
Nd5 Nc6 29. Nxc6 bxc6 30. Ne7+ Kf7 31. Bxg7 Kxe7 32. Be5 Ra5 33. Bc3 Ra2 34. e3
Ba6 35. g4 Bb5 36. gxf5 gxf5 37. Bh3 Ng5 38. Bxf5 Nf3+ 39. Kh1 Rxf2 40. Rb2 Rf1+
41. Kg2 Nh4+ 0-1

[Event "2nd Vergani Cup 2018"]
[Site "Villorba ITA"]
[Date "2018.01.02"]
[Round "1.18"]
[White "Dudin, Gleb"]
[Black "Klek, Hanna Marie"]
[Result "0-1"]
[BlackTitle "WGM"]
[WhiteElo "2073"]
[BlackElo "2357"]
[WhiteFideId "34184934"]
[BlackFideId "24670057"]
[EventDate "2018.01.02"]

1. d4 d5 2. c4 e6 3. Nc3 Bb4 4. cxd5 exd5 5. Bf4 Nf6 6. e3 O-O 7. Bd3 Re8 8. Qc2
c5 9. Ne2 Nc6 10. O-O c4 11. Bf5 h6 12. Bg3 Ne7 13. Bxc8 Rxc8 14. f3 Ng6 15. Bf2
Qe7 16. Kh1 a6 17. a3 Ba5 18. Rae1 b5 19. Ng3 Qb7 20. Bg1 Bc7 21. Nf5 a5 22. a4
b4 23. Nb5 Re6 24. Ng3 Bb8 25. Ne2 Qe7 26. Nc1 Re8 27. b3 Rc8 28. bxc4 Rxc4 29.
Qb3 Nh5 30. Ne2 Rec6 31. Rc1 Nh4 32. Bf2 Qg5 33. Bxh4 Qxh4 34. f4 Rxc1 35. Nxc1
Ng3+ 36. Kg1 Nxf1 37. Ne2 Qe1 38. h3 Nd2+ 0-1

[Event "2nd Vergani Cup 2018"]
[Site "Villorba ITA"]
[Date "2018.01.02"]
[Round "1.17"]
[White "Blohberger, Felix"]
[Black "Vezzani, Stefano"]
[Result "1/2-1/2"]
[WhiteTitle "FM"]
[WhiteElo "2367"]
[BlackElo "2111"]
[WhiteFideId "1632051"]
[BlackFideId "802727"]
[EventDate "2018.01.02"]

1. c4 e5 2. Nc3 d6 3. e3 g6 4. d4 Nd7 5. Nf3 Bg7 6. Be2 Ngf6 7. O-O O-O 8. Qc2
Re8 9. Rd1 exd4 10. exd4 Nf8 11. h3 Bf5 12. Bd3 Bxd3 13. Qxd3 Ne6 14. Ng5 Nxg5
15. Bxg5 h6 16. Bh4 Qd7 17. Qf3 g5 18. Bg3 c6 19. Bh2 a6 20. a4 Rad8 21. b4 d5
22. Be5 Ne4 23. b5 Nxc3 24. Qxc3 Bxe5 25. dxe5 d4 26. bxc6 bxc6 27. Qa5 d3 28.
Qc5 Re6 29. Ra3 Qd4 30. Qb4 Qxe5 31. Raxd3 Rxd3 32. Rxd3 Qe1+ 33. Qxe1 Rxe1+ 34.
Kh2 Re5 35. Rd6 Rc5 36. Rxh6 Rxc4 37. Rf6 Rc5 38. Kg3 Kg7 39. Rd6 f6 40. Rd4
Rc3+ 41. f3 Rc2 42. Rd7+ Kg6 43. Ra7 f5 44. Rxa6 f4+ 45. Kh2 Kf5 46. Ra8 Ra2 47.
Ra5+ Kg6 48. h4 gxh4 49. Rc5 Rxa4 50. Rxc6+ Kg5 51. Rc5+ Kg6 52. Kh3 Ra2 53.
Rc6+ Kg5 54. Rc8 Kf5 55. Rf8+ Kg5 56. Rg8+ Kf5 57. Kxh4 Ke5 58. Re8+ Kf5 59.
Rf8+ Ke5 60. Kh3 Rb2 61. Ra8 Kf5 62. Ra5+ Kf6 63. Rc5 Ra2 64. Rb5 Kg6 65. Rb6+
Kg5 66. Rb5+ Kg6 67. Rb1 Kf5 68. Kh2 Kg5 69. Re1 Rb2 70. Re5+ Kf6 71. Re4 Kf5
72. Kg1 Rb1+ 73. Kf2 Rb2+ 74. Kg1 Rb1+ 75. Kh2 Rb2 76. Re8 Rb1 77. Rf8+ Kg5 78.
Rc8 Rb2 79. Rg8+ Kf5 80. Rd8 Ra2 81. Rd5+ Kg6 82. Kg1 Ra1+ 83. Kf2 Ra2+ 84. Kf1
Ra1+ 85. Ke2 Ra2+ 86. Rd2 Ra3 87. Rc2 Kg5 88. Rc8 Kf5 89. Rc5+ Kg6 90. Kd2 Ra1
91. Kd3 Rg1 92. Rc2 Kf5 93. Ra2 Rd1+ 94. Rd2 Re1 95. Kd4 Kg5 96. Kd3 Re3+ 97.
Kd4 Re1 98. Rc2 Rd1+ 99. Ke5 Re1+ 100. Kd6 Re3 101. Rc8 Kf6 102. Kd5 Re2 103.
Rf8+ Kg5 104. Kd4 Re1 105. Kd5 Re2 106. Kd4 Re1 107. Ra8 Re2 1/2-1/2

[Event "2nd Vergani Cup 2018"]
[Site "Villorba ITA"]
[Date "2018.01.03"]
[Round "2.1"]
[White "Martins, David Pires Tavares"]
[Black "Rapport, Richard"]
[Result "0-1"]
[WhiteTitle "IM"]
[BlackTitle "GM"]
[WhiteElo "2392"]
[BlackElo "2700"]
[WhiteFideId "1909991"]
[BlackFideId "738590"]
[Annotator "Basso, Pier Luigi"]
[EventDate "2018.01.02"]

1. Nf3 f5 2. d4 Nf6 3. c4 e6 4. Nc3 Be7 5. h3 $5 {not fighting for and
advantage, but still interesting to play} O-O 6. Bf4 ({it could have been a
good idea to use the 5.h3 move by playing} 6. g4 $5 d5 (6... fxg4 $2 7. hxg4
$16) 7. gxf5 exf5 8. Bf4 {with a balanced position}) 6... Ne4 7. e3 Nxc3 8.
bxc3 d6 9. Qc2 (9. Bd3 $142 Nc6 10. O-O Bf6 11. Bh2 e5 12. Bc2 $132) 9... Nc6
10. g4 $2 {now it is too late} e5 $1 11. dxe5 dxe5 12. Nxe5 Nxe5 13. Bxe5 Bh4
$17 14. g5 Qxg5 15. O-O-O Qe7 16. Bf4 Be6 17. Rd2 Rad8 18. Bd3 Bf6 19. Kb1 Qc5
$19 20. Rhd1 b5 21. Be2 Rxd2 22. Rxd2 bxc4 23. Qb2 g5 24. Bh2 f4 25. exf4 Qf5+
26. Ka1 Qxh3 0-1